000 00864nam a2200181Ia 4500
008 151202s9999||||xx |||||||||||||| ||und||
082 _bPNVM-70589
100 _aडा्रॅ.भिंगारकर कृ.ज्ञा.
245 _aसंत तुकाराम आणि संत कबीर यांची बोधवचने.
260 _bप्रणव प्रकाशन पुणे.
260 _c70589
300 _a222
600 _aडा्रॅ.भिंगारकर कृ.ज्ञा.
630 _aसंत तुकाराम आणि संत कबीर यांची बोधवचने.
700 _aडा्रॅ.भिंगारकर कृ.ज्ञा.
730 _aसंत तुकाराम आणि संत कबीर यांची बोधवचने.
942 _cBOOK
999 _c1337098
_d1337095